Visualizzazione normale
Vista MARC
- Lumiere Louis
di Personal Name
Records bibliografici associati: 1
001 - CONTROL NUMBER
- control field: 55014
003 - CONTROL NUMBER IDENTIFIER
- control field: IT-RoPau
005 - DATE AND TIME OF LATEST TRANSACTION
- control field: 20151204084144.0
008 - FIXED-LENGTH DATA ELEMENTS
- fixed length control field: 151204|| aca||aabn | a|a d
040 ## - CATALOGING SOURCE
- Original cataloging agency: IT-RoPau
- Transcribing agency: IT-RoPau
100 ## - HEADING--PERSONAL NAME
- Personal name: Lumiere Louis
- Relator term: (regista)
- Miscellaneous information: Codice regista SPICS: 13305
670 ## - SOURCE DATA FOUND
- Source citation: Work cat.: (IT-RoPau)108246: Lumiere Louis Codice regista SPICS: 13305 55011, PARIS ANTOLOGIA DI FILM (SELEZIONATI DA HENRY LANGLOIS) (Rif. Codice opera principale : 29098)